| 000 | 00666nam a2200217 4500 | ||
|---|---|---|---|
| 003 | OSt | ||
| 005 | 20240720025656.0 | ||
| 006 | a | ||
| 008 | 240720b |||||||| |||| 00| 0 eng d | ||
| 020 | _a9789810697181 | ||
| 040 |
_aDWCL-Main lib. _cOC |
||
| 082 |
_2Second edition _aCirc. 150 C568p 2009 |
||
| 100 | _aCiccarelli, Sandra K. | ||
| 245 | _aPsychology / | ||
| 250 | _aSecond edition | ||
| 260 |
_aSingapore: _bPearson Education South Asia Pte Ltd., _cc2009. |
||
| 300 |
_axxxiii, _b(various paging): ill. ; _c27 cm. |
||
| 504 | _aIncludes bibliographical references & index. | ||
| 650 | _a1. Psychology. | ||
| 942 |
_2ddc _n0 _cBK-CIRC _eSecond edition _kCirc. |
||
| 999 |
_c2475 _d2475 |
||